[Event "II Duchamp Open 2018"]
[Site "Rio de Janeiro"]
[Date "2018.11.14"]
[Round "1"]
[White "Lebredo Zaragoitia, Gerardo"]
[Black "Zaruski, Julio"]
[Result "1-0"]
[WhiteElo "2139"]
[BlackElo "1835"]
[Annotator "TA"]
[PlyCount "125"]
[EventDate "2018.11.14"]
[EventType "swiss"]
[EventCountry "BRA"]
[SourceTitle "playchess.com"]
[Source "ChessBase"]
[SourceQuality "1"]

{[%evp 21,125,25,33,29,27,33,45,43,161,159,290,292,261,155,266,141,246,136,152,154,205,166,199,153,184,179,174,192,181,159,149,150,161,164,171,150,215,209,229,232,277,242,247,232,222,219,228,232,332,217,431,426,475,437,434,445,532,532,754,594,941,747,747,739,745,693,792,728,742,732,983,926,1135,868,803,725,880,843,1030,1002,1042,993,1020,840,977,948,1302,1252,1196,1085,2257,2247,29984,29985,29982,3349,29976,29977,29980,29981,29986,29982,29990,29990,29990,29991]} 1. d4 e6 2. c4 d5 3. Nc3 Nf6 4. Bg5 Be7 5. e3 h6 6. Bh4 Nbd7 7. Nf3 c6 8. Rc1 Nh5 9. Bxe7 Qxe7 10. Bd3 Nhf6 11. O-O O-O {LiveBook: 4 Games} 12. a3 {D66: Queen's Gambit Declined: Classical: Main Line (7 Rc1 c6 8 Bd3)} dxc4 13. Bxc4 e5 14. Ba2 $146 {White is slightly better.} ({Predecessor:} 14. Re1 exd4 15. exd4 Qd6 16. Ba2 Nb6 17. Ne5 {1-0 (63) Levitt,J (2465)-Bykhovsky,A (2500) Maratea 1991}) 14... e4 (14... exd4 $14 15. exd4 (15. Nxd4 Nb6 $11) (15. Qxd4 Re8 $14) 15... Nb6) 15. Nh4 $1 $18 Rd8 (15... Kh7 $16) 16. Nf5 Qf8 17. Ng3 (17. f3 $1 $18) 17... Qe7 (17... Nb6 $16 {was called for.} 18. Ngxe4 (18. Ncxe4 Qe7 $16) 18... Nxe4) 18. Qc2 ({Only move:} 18. f3 $1 $18) 18... Re8 (18... Nf8 $16 19. Ngxe4 (19. Ncxe4 Nxe4 20. Qxe4 Qxe4 $16) 19... Nxe4) 19. Bb1 (19. f3 $18) 19... Nf8 20. Ncxe4 Nd5 (20... Nxe4 $16 {keeps fighting.} 21. Qxe4 (21. Nxe4 Bf5 $16) 21... Be6) 21. Nc3 Bg4 22. Ba2 Rad8 23. Nxd5 cxd5 24. Qc5 Qg5 25. Qxa7 h5 26. f4 Qe7 27. Rfe1 h4 28. Nh1 $1 Rd6 (28... Rc8 $16 29. Rxc8 Rxc8) 29. Nf2 Bf5 {[#]} 30. Qa5 $1 Be4 31. Nxe4 Qxe4 32. Bb1 Qe7 33. Qd2 h3 34. g3 Nd7 (34... g6 $142 35. Bd3 Kg7) 35. e4 Re6 $2 (35... dxe4 {might work better.} 36. Rxe4 Re6) 36. e5 Nf8 37. Ba2 Rd8 38. Rc5 Rg6 39. Rxd5 Qh4 40. Qf2 Rc8 41. Bb1 Qh5 42. Bxg6 Qxg6 43. Rc5 Rd8 44. d5 Qd3 45. Qe3 Qf5 46. Qe4 Qg4 47. Qe2 Qf5 48. Rd1 Ng6 49. Rc4 Ne7 50. d6 Nc6 51. Re4 Qe6 52. Rf1 Qb3 53. f5 {[%cal Bf4f5,Bf5e6][%mdl 32]} Qd5 54. Rd1 Qc5+ 55. Qf2 Qa5 56. e6 fxe6 57. fxe6 Rf8 {[#]} 58. Rf4 (58. e7 $142 $3 Rxf2 59. e8=Q+ Rf8 60. Qe6+ Rf7 61. Rf1 Qc5+ 62. Kh1 Ne5 63. Rxe5 Qxe5 64. Qxf7+ Kh8 65. d7) 58... Rxf4 59. Qxf4 {White mates.} Qc5+ 60. Qf2 Qh5 61. Rf1 Ne5 62. Qf8+ Kh7 63. Qf5+ {Precision: White = 55%, Black = 21%.} 1-0

[Event "II Duchamp Open 2018"]
[Site "Rio de Janeiro"]
[Date "2018.11.14"]
[Round "1"]
[White "Souza Neves, Andrey M."]
[Black "Di Berardino, Diego Rafael"]
[Result "0-1"]
[WhiteElo "2074"]
[BlackElo "2526"]
[Annotator "TA"]
[PlyCount "107"]
[EventDate "2018.11.14"]
[EventType "swiss"]
[EventCountry "BRA"]
[SourceTitle "playchess.com"]
[Source "ChessBase"]
[SourceQuality "1"]

{[%evp 33,107,-4,-1,-14,-6,-4,-18,-33,-39,-49,-49,-79,-77,-88,-28,-31,-45,-40,-33,-28,-41,-50,-14,-8,-12,-10,-18,-15,-18,-104,-111,-165,-120,-129,-113,-93,-58,-25,-30,-29,-8,-8,-8,-8,0,0,0,0,0,0,0,0,0,0,0,0,0,0,13,0,0,-8,-8,-8,-8,-8,-8,-975,-9637,-8050,-6291,-5117,-5113,-5099,-5080,-12845]} 1. d4 Nf6 2. c4 g6 3. g3 c5 4. d5 e6 5. Nc3 Bg7 6. Bg2 exd5 7. cxd5 d6 8. Nf3 O-O 9. O-O Na6 10. Nd2 Nc7 11. a4 b6 12. Nc4 Ba6 13. Qb3 Bxc4 14. Qxc4 a6 {A62: Modern Benoni: Fianchetto Variation without early ...Nbd7} 15. Qh4 (15. Bf4 Rb8 16. b4 Nh5 17. Bd2 b5 18. axb5 cxb4 19. b6 Rxb6 20. Na4 Rb8 21. Rac1 Qd7 22. Bxb4 Qxa4 23. Bxd6 Qxc4 24. Rxc4 {½-½ (37) Jianu,V (2502)-Suba,M (2471) Brasov 2011}) 15... Nd7 16. Bg5 f6 17. Bh6 f5 {LiveBook: 3 Games} 18. Qxd8 Raxd8 19. Bxg7 Kxg7 20. f4 $146 ({Predecessor:} 20. Rfc1 Nf6 21. Rc2 Rfe8 22. Rd2 {0-1 (56) Hoang,T (2311)-Pham,L (2349) Da Lat 2011}) 20... Nf6 21. Rfe1 Rfe8 22. e4 fxe4 23. Bxe4 Kf7 (23... Nxe4 $17 24. Rxe4 Rxe4 25. Nxe4 Nxd5) 24. Bf3 Rxe1+ 25. Rxe1 b5 26. axb5 axb5 {[%cal Ba6b5,Bb5b4][%mdl 32]} 27. Ra1 b4 28. Ra7 Rd7 29. Na4 {With the idea Nb6.} Nb5 30. Rxd7+ $1 Nxd7 $11 {[%mdl 4096] Endgame KBN-KNN} 31. Bg4 (31. Kf2 $11) 31... Nf6 $17 32. Be6+ (32. Be2 $17 {was worth a try.} Nd4 33. Bd3) 32... Kf8 33. Nb6 {[#]} Nc7 $1 34. f5 gxf5 35. Bxf5 h6 36. Nc8 Nfxd5 37. Nxd6 Ne3 {White must now prevent ...Ke7.} 38. Bd3 Ncd5 39. b3 Nb6 40. Kf2 Ng4+ 41. Kf3 Nxh2+ 42. Kf4 {aiming for g4.} Nd5+ 43. Ke5 Nc3 44. Kf4 {g4 is the strong threat.} Nd5+ 45. Ke5 Ne3 46. Be2 Nhf1 47. Ke4 Ke7 48. Nb7 c4 49. bxc4 b3 50. c5 $2 {[%mdl 8192] [#]} (50. Bxf1 $11 Nxf1 51. Kd3) 50... Nxg3+ $19 {Black is clearly winning.} 51. Kxe3 Nxe2 52. Kd2 Nd4 53. Kc3 h5 54. Kxd4 {Precision: White = 47%, Black = 74%.} 0-1

[Event "II Duchamp Open 2018"]
[Site "Rio de Janeiro"]
[Date "2018.11.14"]
[Round "1"]
[White "Ferreira, Kleber Victor"]
[Black "Galego, Luis"]
[Result "0-1"]
[WhiteElo "2053"]
[BlackElo "2479"]
[Annotator "TA"]
[PlyCount "52"]
[EventDate "2018.11.14"]
[EventType "swiss"]
[EventCountry "BRA"]
[SourceTitle "playchess.com"]
[Source "ChessBase"]
[SourceQuality "1"]

{[%evp 14,52,-23,-42,31,-10,32,4,14,-150,-157,-156,-159,-189,-176,-231,-227,-231,-78,-83,-81,-166,-129,-121,-125,-138,-116,-182,-175,-325,-333,-433,-433,-433,-433,-432,-421,-553,-539,-535,-514]} 1. e4 c5 2. Nc3 e6 3. f4 Nc6 4. Nf3 Nge7 5. Be2 d5 6. d3 {B23: Sizilianisch (Geschlossenes System)} g6 7. O-O Bg7 8. Qe1 {LiveBook: 4 Partien. Schwarz hat minimalen Vorteil.} f5 (8... O-O $15) (8... Nd4 9. Bd1 O-O 10. Kh1 b6 11. Qg3 dxe4 12. dxe4 Bb7 13. Qh3 Qd7 {0-1 (40) Rendle,T (2376)-Pert,N (2557) England 2015}) 9. Bd2 $146 ({Vorgänger:} 9. e5 a6 10. Na4 b6 11. c3 Bd7 12. b3 d4 13. cxd4 Nxd4 14. Nxd4 cxd4 {½-½ (42) Villarreal,J (2340)-Alvarez,R (2194) Aguascalientes 2008}) 9... a6 10. a4 O-O 11. Qf2 $2 {[#]} ({Lieber} 11. e5 $11) 11... Bd4 $1 $17 {[%cal Rd4f2]} 12. Nxd4 cxd4 13. Nd1 dxe4 14. Be1 (14. dxe4 $142 fxe4 15. Bc4) 14... Nd5 $19 15. c3 Nf6 $2 (15... e3 $19 16. Qh4 Bd7 17. Qxd8 Raxd8) 16. cxd4 $17 Nxd4 {Und weiter mit ...exd3 wäre nett.} 17. Ra3 (17. Bc3 $17 {kämpft weiter.} Nxe2+ 18. Qxe2) 17... Nc2 18. Rc3 Nxe1 19. Rxe1 Bd7 $36 {[%mdl 2048] Schwarz hat starke Initiative.} 20. b3 {[#]} (20. Rc4 $17) 20... Bc6 $1 $19 21. Rxc6 (21. g3 {war einen Versuch wert.}) 21... bxc6 22. d4 Qb6 {Schwarz steht klar auf Gewinn.} 23. Bc4 Rfe8 24. Nc3 Rad8 25. Rd1 Ng4 26. Qd2 e3 {Precision: Weiß = 28%, Schwarz = 54%.} 0-1

[Event "II Duchamp Open 2018"]
[Site "Rio de Janeiro"]
[Date "2018.11.14"]
[Round "1"]
[White "Okamura, Milton Kasuo"]
[Black "Matsuura, Everaldo"]
[Result "1-0"]
[WhiteElo "2038"]
[BlackElo "2476"]
[Annotator "TA"]
[PlyCount "46"]
[EventDate "2018.11.14"]
[EventType "swiss"]
[EventCountry "BRA"]
[SourceTitle "playchess.com"]
[Source "ChessBase"]
[SourceQuality "1"]

{[%evp 26,46,0,-5,0,0,0,0,0,-56,-50,-81,-82,-75,-79,-147,-104,-198,-191,-202,-198,-318,-352]} 1. d4 Nf6 2. c4 e6 3. Nc3 Bb4 4. e3 c5 5. Bd3 O-O 6. Nf3 d5 7. O-O cxd4 8. exd4 dxc4 9. Bxc4 b6 10. Bg5 Bb7 11. Qe2 Nbd7 12. Rac1 Rc8 13. Bb3 {E54: Nimzo-Indian: Rubinstein: Main Line: 7...dxc4 8 Bxc4} (13. Bd3 Bxc3 14. bxc3 Qc7 15. c4 Bxf3 16. Qxf3 Rfe8 17. Rfd1 h6 18. Bh4 Qd6 19. c5 bxc5 20. dxc5 Rxc5 {½-½ (49) Gelfand,B (2727)-Anand,V (2791) Moscow 2012 CBM 149 [Postny,E]}) 13... h6 14. Bh4 {LiveBook: 3 Games} Qc7 $146 ({Predecessor:} 14... Bxc3 15. bxc3 Qc7 16. Nd2 Nd5 17. Bxd5 Bxd5 18. c4 Bb7 19. f3 Ba6 20. Rfe1 {½-½ (36) Salinas Herrera,P (2486)-Tran,T (2491) Batumi 2018}) 15. Bg3 {The position is equal.} Bd6 16. Nb5 Qxc1 17. Nxd6 (17. Bxd6 $11 Bxf3 18. Qxf3) 17... Bxf3 $15 18. Qxf3 Qxb2 {[#] Strongly threatening ...Rc1.} 19. Nxc8 Rxc8 20. Rd1 ({White should try} 20. h3) 20... Rc1 $40 {[%mdl 128] Black has strong attack.} 21. Bf4 (21. h3 $17) 21... Rxd1+ $19 22. Qxd1 {[#]} Ne4 $1 23. Be3 (23. f3 $142 Qf2+ 24. Kh1) 23... Nc3 $1 {[%csl LRa2,LRd1][%mdl 32768] Loss on Time!?} 1-0

[Event "II Duchamp Open 2018"]
[Site "Rio de Janeiro"]
[Date "2018.11.14"]
[Round "1"]
[White "Fucs, Paulo Moses"]
[Black "Von Buelow, Georg"]
[Result "0-1"]
[WhiteElo "2016"]
[BlackElo "2354"]
[Annotator "TA"]
[PlyCount "122"]
[EventDate "2018.11.14"]
[EventType "swiss"]
[EventCountry "BRA"]
[SourceTitle "playchess.com"]
[Source "ChessBase"]
[SourceQuality "1"]

{[%evp 18,122,0,-2,10,18,20,21,22,8,33,25,49,20,36,24,35,0,0,0,1,-4,0,8,11,-8,0,-27,-6,-22,-25,-23,-27,-31,-38,-43,-38,-41,-43,-54,-45,-48,-47,-47,-39,-39,-40,-39,-39,-45,-41,-57,-53,-75,-51,-57,-61,-81,-56,-61,-56,-65,-33,-36,-11,-23,6,0,0,6,37,0,0,-7,-9,-11,0,0,0,-32,-16,-185,-134,-575,-575,-516,-509,-606,-592,-587,-561,-936,-904,-2334,-2138,-5210,-5210,-3174,-2282,-2900,-2202,-1900,-1668,-29989,-29983,-29990,-29991]} 1. e4 c5 2. Nf3 d6 3. d4 cxd4 4. Nxd4 Nf6 5. Nc3 a6 6. a4 e6 7. Be2 Be7 8. a5 O-O 9. Be3 Nc6 10. Nb3 {LiveBook: 7 Games} d5 {B84: Sicilian Scheveningen: 6 Be2 a6, lines without early Be3} 11. Bb6 $146 ({Predecessor:} 11. exd5 Nxd5 12. Nxd5 Qxd5 13. Qxd5 exd5 14. O-O Bf5 15. c3 Rfd8 16. Bb6 Rd7 17. Rfe1 Bc2 18. Bg4 {1-0 (50) Bocharov,D (2611)-Tarasov,V (2020) Tomsk 2012}) 11... Qd7 12. exd5 exd5 {The position is equal.} 13. O-O Qf5 14. Nd4 Nxd4 15. Qxd4 Be6 16. Bd3 Qh5 17. Bc7 Rac8 18. Bg3 Bc5 19. Qh4 (19. Qf4 {keeps more tension.} Rfe8 20. h3 h6 21. Rfe1 Qg5 22. Qf3) 19... Qxh4 20. Bxh4 Nd7 {[%cal Bf6d7,Bd7e5,Be5g6][%mdl 32]} 21. Rfd1 Ne5 22. Be2 Ng6 23. Bg5 d4 24. Na4 Ba7 25. Bd3 f6 {[%cal Bf7f6,Bf6f5][%mdl 32]} 26. Bd2 Ne5 27. Be4 Rf7 28. Nb6 Bxb6 $1 29. axb6 f5 30. Bd3 Nxd3 31. cxd3 Rc6 32. Ba5 Rf8 33. h4 Rfc8 34. Rd2 Kf7 35. Kh2 Rc5 36. Kg3 Rb5 37. b4 Rc6 38. Kf4 Kf6 39. Re1 h6 40. h5 $1 Rd5 41. Rde2 Rdd6 42. f3 Rd7 43. Re5 Rdd6 44. R1e2 Rc1 45. Re1 (45. b5 {is more complex.} axb5 46. Bb4 Rdc6 47. Rxb5 Rd1 48. Rc5) 45... Rxe1 46. Rxe1 $11 {[%mdl 4096] Endgame KRB-KRB} Rc6 47. Re5 Rc2 48. Rc5 Rxg2 {[#] Hoping for ...Rg5.} 49. Rc7 $2 (49. b5 $11 {and White has nothing to worry.} axb5 50. Bb4) 49... Bd5 (49... Bf7 $19 50. Rc5 Rg5) 50. b5 $2 {[%mdl 8192]} (50. Rd7 $17 {is more resistant.} Ke6 51. Rd8) 50... Rf2 $19 {[%csl Gd5][%cal Rf2f3]} 51. Kg3 Rxf3+ 52. Kh2 {Now bxa6 and White clings on.} axb5 53. Bb4 Rxd3 54. Be7+ Ke5 55. Bf8 Rd2+ 56. Kh3 f4 57. Bxg7+ Ke4 58. Re7+ Kf3 {[#] ( -> ...Rd1)} 59. Bxh6 d3 {[%cal Bd4d3,Bd3d2][%mdl 32]} 60. Kh4 Rh2+ 61. Kg5 d2 {Precision: White = 33%, Black = 63%.} 0-1

[Event "II Duchamp Open 2018"]
[Site "Rio de Janeiro"]
[Date "2018.11.14"]
[Round "1"]
[White "Peixoto, Rudson Marinho"]
[Black "Menna Barreto, Felipe Kubiaki"]
[Result "0-1"]
[WhiteElo "2007"]
[BlackElo "2342"]
[Annotator "TA"]
[PlyCount "66"]
[EventDate "2018.11.14"]
[EventType "swiss"]
[EventCountry "BRA"]
[SourceTitle "playchess.com"]
[Source "ChessBase"]
[SourceQuality "1"]

{[%evp 17,66,20,20,14,17,14,18,-10,0,-18,40,-60,-40,-164,-147,-143,-141,-172,-173,-163,-171,-164,-169,-251,-247,-240,-250,-372,-372,-377,-347,-426,-426,-1168,-1145,-1891,-1831,-1994,-1863,-29972,-29971,-5312,-5265,-29990,-29991,-29991,-29992,-29992,-29993,-29993,-29994]} 1. Nf3 Nf6 2. d4 g6 3. c4 Bg7 4. Nc3 O-O 5. Bg5 c5 6. d5 d6 7. e4 h6 8. Bh4 {E90: King's Indian: Classical: Early deviations and 6 h3} (8. Be3 e6 9. h3 exd5 10. cxd5 Re8 11. Bd3 c4 12. Bc2 b5 13. a3 Bd7 14. O-O Na6 15. Qd2 Kh7 16. Rfe1 Qb8 17. Bd4 b4 18. axb4 Nxb4 19. Bb1 {1-0 (34) Stocek,J (2560)-Kislinsky,A (2481) Ostrava 2017}) 8... g5 9. Bg3 Nh5 {LiveBook: 4 Games} 10. Be2 {The position is equal.} Nxg3 11. hxg3 e6 12. Qd2 exd5 13. cxd5 Nd7 ({Black should play} 13... Na6 $11) 14. O-O-O $146 (14. Nh2 $14) ({Predecessor:} 14. Qe3 Re8 15. Nd2 f5 16. Bh5 Bd4 17. Qf3 Rf8 18. O-O-O fxe4 19. Qxe4 {0-1 (34) Casabona,C-Giuganino,S Italy 1969}) 14... a6 $15 15. Rh2 ({White should try} 15. Nh2 $15 Nf6 16. f3) 15... Re8 $19 16. Rdh1 {[#]} Qf6 $1 17. Bd3 b5 18. e5 Nxe5 19. Nxe5 Qxe5 ({Don't do} 19... dxe5 20. Qc2 $15) 20. Nd1 (20. Rxh6 $142 Bxh6 21. Rxh6) 20... c4 21. Bc2 Qf6 22. f4 (22. Bb1 $142) 22... Bg4 23. fxg5 hxg5 24. Bh7+ Kf8 25. Nc3 (25. Qf2 $142 Bxd1 26. Qxf6 Bxf6 27. Rf1) 25... b4 26. Ne4 {[#]} Rxe4 $1 {[%mdl 512]} 27. Bxe4 c3 28. Qc2 cxb2+ 29. Kb1 Rc8 30. Qd2 {[#]} Rc1+ $1 {[%mdl 512] Black mates.} 31. Rxc1 bxc1=Q+ 32. Kxc1 Qf1+ 33. Kc2 Qc4+ {Precision: White = 14%, Black = 89%.} 0-1

[Event "II Duchamp Open 2018"]
[Site "Rio de Janeiro"]
[Date "2018.11.14"]
[Round "1"]
[White "Baeta, Marcio Netto"]
[Black "Guimaraes, Diogo Duarte"]
[Result "0-1"]
[WhiteElo "1977"]
[BlackElo "2272"]
[Annotator "RC"]
[PlyCount "38"]
[EventDate "2018.11.14"]
[EventType "swiss"]
[EventCountry "BRA"]
[SourceTitle "playchess.com"]
[Source "ChessBase"]
[SourceQuality "1"]
[TimeControl "5400+30"]

1. e4 {[%emt 0:00:00]} e5 {[%emt 0:03:54]} 2. Bc4 {[%emt 0:00:48]} Nf6 {[%emt 0:00:08]} 3. d4 {[%emt 0:00:07]} exd4 {[%emt 0:00:18]} 4. Nf3 {[%emt 0:00:55]} Nxe4 {[%emt 0:00:35]} 5. Qxd4 {[%emt 0:00:56]} Nf6 {[%emt 0:00:15]} 6. Bg5 {[%emt 0:04:52]} Nc6 {[%emt 0:00:28]} 7. Qh4 {[%emt 0:01:56]} d5 {[%emt 0:02:23]} 8. Bxf6 {[%emt 0:01:17]} gxf6 {[%emt 0:00:09]} 9. Bb3 {[%emt 0:01:42]} Qe7+ {[%emt 0:01:44]} 10. Kd1 {[%emt 0:00:22]} Be6 {[%emt 0:01:15]} 11. Nc3 {[%emt 0:03:39]} O-O-O {[%emt 0:00:20]} 12. Kc1 {[%emt 0:05:47]} d4 {[%emt 0:05:38]} 13. Ne4 {[%emt 0:04:27]} f5 {[%emt 0:02:28]} 14. Neg5 {[%emt 0:03:20]} Bxb3 {[%emt 0:03:30]} 15. axb3 {[%emt 0:01:25]} Qc5 {[%emt 0:09:20]} 16. Nxf7 {[%emt 0:01:09]} Rd7 {[%emt 0:00:15]} 17. Nxh8 {[%emt 0:01:28]} Nb4 {[%emt 0:00:03]} 18. Ne1 {[%emt 0:03:17]} d3 {[%emt 0:01:34]} 19. c3 {[%emt 0:01:17]} d2+ {[%emt 0:00:11]} 0-1

[Event "II Duchamp Open 2018"]
[Site "Rio de Janeiro"]
[Date "2018.11.14"]
[Round "1"]
[White "Dos Santos, Rodrigo Mello"]
[Black "Teixeira, Ricardo da Silva"]
[Result "0-1"]
[WhiteElo "1965"]
[BlackElo "2239"]
[Annotator "TA"]
[PlyCount "92"]
[EventDate "2018.11.14"]
[EventType "swiss"]
[EventCountry "BRA"]
[SourceTitle "playchess.com"]
[Source "ChessBase"]
[SourceQuality "1"]

{[%evp 12,92,26,14,33,0,0,3,32,-28,0,0,0,0,0,0,0,0,0,-7,-7,-45,-46,-68,-54,-142,-15,-15,-16,-16,0,-78,-68,-412,-389,-360,-287,-287,-273,-314,-300,-409,-293,-591,-456,-445,-445,-429,-397,-388,-380,-575,-441,-725,-445,-643,-501,-460,-452,-422,-273,-262,-273,-272,-273,-356,-347,-345,-345,-385,-388,-445,-433,-418,-376,-452,-444,-658,-647,-629,-602,-874,-860]} 1. e4 e6 2. d4 d5 3. Nc3 Bb4 4. exd5 Qxd5 5. a3 Bxc3+ 6. bxc3 {C15: French: 3 Nc3 Bb4: Unusual White 4th moves} Nf6 7. Nf3 {LiveBook: 6 Games} c5 {[%cal Bc7c5,Bc5c4][%mdl 32]} (7... O-O 8. c4 Qe4+ 9. Be3 Ng4 10. Qd2 Nxe3 11. fxe3 Nc6 12. Bd3 Qg4 13. O-O Qh5 {1-0 (52) Zambrana,O (2481)-Campero,R (2274) Santa Cruz 2010}) 8. Bd3 {White is slightly better.} c4 9. Be2 Ne4 10. Bd2 ({White should try} 10. Bb2 $14) 10... Nc6 (10... Nd7 {seems wilder.} 11. h4 h6 12. Qb1 a5 13. a4 b6) 11. O-O $146 ({Predecessor:} 11. a4 O-O 12. O-O Bd7 13. Qc1 {1-0 (56) Garcia Bregante,J (1830)-Saez Ortega,J (1975) Barcelona 2002}) 11... O-O 12. Re1 {[%cal Bf1e1,Be1e4,Be4g4][%mdl 32]} b6 13. Bxc4 Qxc4 14. Rxe4 Bb7 15. Rg4 f6 {[%cal Bf7f6,Bf6f5,Bf5f4][%mdl 32]} 16. Bh6 Rf7 17. Rg3 Ne7 {...Nf5 is the strong threat.} 18. Nh4 {[#]} (18. Bd2 $1 $15) 18... Nd5 (18... Kh8 $1 $17 19. Bc1 g5) 19. Qg4 $11 Nxc3 20. Re1 {[%cal Rh6g7]} f5 $36 {[%mdl 2048] White is under pressure.} 21. Qh5 (21. Qxg7+ $1 $11 Rxg7 22. Rxg7+ Kh8 23. Rxb7) 21... Ne4 $17 ({Much worse is} 21... Qxd4 22. Rxe6 Qd7 23. Re5 $11) 22. Rxe4 $4 {[%mdl 8192]} (22. Qxf7+ $1 $15 Kxf7 23. Rxg7+ Ke8 24. Rxb7) 22... Bxe4 $19 ({Weaker is} 22... fxe4 23. Qe5 $11) 23. c3 Qc7 {Threatens to win with ...f4.} 24. Bd2 Rd8 25. Rh3 f4 26. Nf3 g6 27. Qh6 $2 (27. Qb5 {was called for.}) 27... Bxf3 28. Rxf3 e5 {[%cal Be6e5,Be5e4][%mdl 32]} 29. h4 Rf5 30. g4 Rf7 {aiming for ...Qc6.} 31. h5 (31. Qg5 $142) 31... gxh5 32. g5 (32. Rh3 $142 hxg4 33. Rh5) 32... e4 33. Rh3 (33. g6 $142 exf3 34. gxf7+ Qxf7 35. Qxf4) 33... Rd6 34. Qxh5 Rg6 35. Qg4 e3 36. fxe3 fxe3 37. Rxe3 Qd7 38. Qxd7 {[#] White threatens Re8+ and mate.} Rxg5+ ({Less strong is} 38... Rxd7 39. Re5 $17) 39. Kh2 {Qd8+ would kill now.} Rxd7 {[%mdl 4096] Endgame KRR-KRB} 40. Re8+ Kf7 41. Rh8 Rh5+ 42. Kg3 Ke6 43. Rc8 Kf5 {White must now prevent ...Rg7+.Black is clearly winning.} 44. Re8 (44. Kf3 $142 Rh3+ 45. Kg2) 44... Rg7+ 45. Kf3 Rh3+ 46. Kf2 Rh2+ {Precision: White = 26%, Black = 64%.} 0-1

[Event "II Duchamp Open 2018"]
[Site "Rio de Janeiro"]
[Date "2018.11.14"]
[Round "1"]
[White "Moccero, Eduardo"]
[Black "Viana, Dirceu"]
[Result "1/2-1/2"]
[WhiteElo "1945"]
[BlackElo "2201"]
[Annotator "TA"]
[PlyCount "35"]
[EventDate "2018.11.14"]
[EventType "swiss"]
[EventCountry "BRA"]
[SourceTitle "playchess.com"]
[Source "ChessBase"]
[SourceQuality "1"]

{[%evp 20,35,-2,-8,0,-20,-11,-23,-24,-25,-31,-39,81,86,77,82,84,62]} 1. d4 e6 2. e4 d5 3. exd5 exd5 4. c4 Nf6 5. Nf3 Bb4+ 6. Bd2 Bxd2+ 7. Nbxd2 O-O 8. Be2 Nc6 {A51: Budapest Gambit, Fajarowicz Variation} 9. O-O dxc4 (9... Bg4 10. Rc1 Re8 11. Re1 dxc4 12. h3 Bh5 13. Nxc4 Nd5 14. Nfe5 Bxe2 15. Rxe2 Nf4 16. Re4 {½-½ (46) Miezis,N (2509)-Neiksans,A (2631) Parnu 2016}) 10. Nxc4 Be6 11. Nce5 {LiveBook: 3 Games} Qd6 12. Qa4 $146 ({Predecessor:} 12. Nxc6 Qxc6 13. Rc1 Qb6 14. b3 Rad8 15. Qc2 c6 16. Rfd1 {1-0 (43) Pena Gomez,M (2462)-Adla,D (2437) Linares 2015}) 12... Qb4 13. Bb5 Qxa4 14. Bxa4 Ne7 15. Rfe1 Rad8 {[#]} (15... Nf5 $15 {stays ahead.}) 16. Nxf7 $1 $16 {[%mdl 512] White is better.} Bxf7 17. Rxe7 Nd5 18. Ree1 1/2-1/2

[Event "II Duchamp Open 2018"]
[Site "Rio de Janeiro"]
[Date "2018.11.14"]
[Round "2"]
[White "Di Berardino, Diego Rafael"]
[Black "Rodi, Luis Ernesto"]
[Result "1-0"]
[WhiteElo "2526"]
[BlackElo "2327"]
[Annotator "TA"]
[PlyCount "67"]
[EventDate "2018.11.14"]
[EventType "swiss"]
[EventCountry "BRA"]
[SourceTitle "playchess.com"]
[Source "ChessBase"]
[SourceQuality "1"]

{[%evp 9,67,0,34,34,35,42,27,26,33,35,27,29,24,40,32,8,14,0,10,-12,0,0,20,23,122,129,197,199,181,194,194,192,185,184,177,166,170,190,253,261,587,588,564,396,396,389,389,391,385,388,458,451,508,508,513,505,1130,1105,3394,2987]} 1. d4 d5 2. c4 e6 3. Nc3 Bb4 4. e3 Nf6 5. a3 (5. Nf3 O-O 6. Bd2 b6 7. cxd5 exd5 8. Rc1 Be7 9. Bd3 Bb7 10. O-O c5 11. dxc5 bxc5 12. Re1 Nc6 13. Bb1 Re8 14. e4 dxe4 15. Nxe4 Nd4 {½-½ (54) Vitiugov,N (2730)-Inarkiev,E (2690) Satka 2018}) 5... Bd6 {LiveBook: 4 Games} 6. c5 {E40: Nimzo-Indian: Rubinstein (4 e3): Unusual Black 4th moves} Be7 7. b4 O-O 8. Nf3 {White has an edge.} b6 9. Bd3 c6 10. O-O Ba6 11. Bxa6 Nxa6 12. Bb2 $146 ({Predecessor:} 12. Ne5 Nb8 13. Qd3 Qc7 14. f4 {0-1 (48) Suvrajit,S (2368)-Safin,S (2518) New Delhi 2009}) 12... Nb8 13. Rc1 a5 14. b5 bxc5 15. dxc5 {[%cal Bd4c5,Bc5c6,Bc6c7][%mdl 32]} cxb5 16. Nxb5 Ne4 (16... Qd7 $11 17. Qe2 Rc8) 17. c6 $36 {[%mdl 2048] And now c7 would win. Keeping Black busy.} ({Not} 17. Qd4 Bf6 $17) 17... Qb6 (17... Qc8 $16 {is a better defense.}) 18. Qd4 $18 Qxd4 19. Bxd4 ({Weaker is} 19. exd4 Nd6 $11) 19... Na6 20. c7 Nd6 21. a4 Nc8 22. Ne5 {[%cal Bf3e5,Be5d7,Bd7b6][%mdl 32]} Re8 23. Nd7 f6 (23... Nb4 $142 24. g3 Na2) 24. Nb6 e5 $2 {[#]} (24... Nxb6 {is more resistant.} 25. Bxb6 Rec8 26. Bxa5 Nb4) 25. Nxa8 exd4 26. exd4 Nb4 27. Rc3 Bf8 28. Re3 Kf7 29. Rc1 Be7 30. Re2 {White is clearly winning.} h5 31. h4 g6 32. Rc3 f5 (32... Bf8 $142) 33. Rce3 Rg8 {[#]} 34. Nb6 $1 {[%mdl 512] Precision: White = 77%, Black = 47%.} 1-0